|
|
|
|
| LEADER |
00000nam a2200000 i 4500 |
| 001 |
1/29469 |
| 008 |
130515s2011 eng d |
| 020 |
|
|
|a 978-0-470-64636-6 (pbk.)
|
| 035 |
|
|
|l 10114385
|
| 040 |
|
|
|a GR-MY-UA
|b gre
|e aacr
|
| 041 |
0 |
|
|a eng
|
| 082 |
0 |
|
|a 657
|2 (22)
|
| 100 |
1 |
|
|a Pratt, Jamie.
|
| 245 |
1 |
0 |
|a Financial accounting in an economic context /
|c Jamie Pratt
|
| 250 |
|
|
|a 8th ed.
|
| 260 |
|
|
|a NJ :
|b Wiley,
|c c2011
|
| 300 |
|
|
|a xxii, 796 σ.;
|b πίν.;
|c 26 εκ.
|
| 500 |
|
|
|a International student version
|
| 504 |
|
|
|a Ευρετήρια: σ.782-796
|
| 650 |
0 |
0 |
|a Accounting.
|
| 852 |
|
|
|a INST
|b CHIOS
|e 20130515
|h 657 PRA
|p 005200035422
|q 005200035422
|t BK
|y 0
|
| 901 |
|
|
|a BIBL2-2013-2
|
| 909 |
|
|
|a Χ
|b 177565
|
| 922 |
|
|
|a 2ΕΛΗ
|b 201210
|c ΤΑΚ/ΤΔΕ
|d ΙΩΑΝΝΙΔΟΥ
|
| 970 |
|
|
|a ΣΠΕΝΤΖΑ
|b ΕΛΕΝΗ
|z 2013/05/15
|